Vincent Kompany's Burnley - Statistics

General Stats
  • This quiz has been taken 4 times
  • The average score is 26 of 46
Answer Stats
Rank Player Position Nationality Matches Goals Assists % Correct
8 Jay Rodríguez Centre-Forward 53 12 3
100%
5 Jóhann Berg Gudmundsson Right Winger 71 5 10
100%
9 Jordan Beyer Centre-Back 50 1 3
100%
23 Ameen Al-Dakhil Centre-Back 29 1 0
75%
7 Arijanet Muric Goalkeeper 55 0 0
75%
14 Ashley Barnes Centre-Forward 45 8 5
75%
4 Charlie Taylor Left-Back 71 1 3
75%
6 Connor Roberts Right-Back 66 5 7
75%
38 Darko Churlinov Left Winger 13 0 0
75%
36 Hannes Delcroix Centre-Back 15 0 0
75%
27 Hjalmar Ekdal Centre-Back 18 1 1
75%
24 James Trafford Goalkeeper 28 0 0
75%
1 Josh Brownhill Central Midfield 83 11 13
75%
2 Josh Cullen Central Midfield 78 3 8
75%
34 Luca Koleosho Right Winger 15 1 2
75%
16 Lyle Foster Centre-Forward 41 6 4
75%
30 Maxime Estève Centre-Back 16 0 0
75%
26 Mike Trésor Left Winger 19 0 0
75%
17 Sander Berge Defensive Midfield 40 2 2
75%
3 Vitinho Right-Back 77 3 6
75%
22 Wilson Odobert Right Winger 33 4 3
75%
11 Anass Zaroury Attacking Midfield 48 10 9
50%
31 Bailey Peacock-Farrell Goalkeeper 16 0 0
50%
12 Benson Manuel Right Winger 46 13 4
50%
40 Dara Costelloe Left Winger 6 0 0
50%
35 David Datro Fofana Centre-Forward 15 4 1
50%
15 Ian Maatsen Left-Back 42 4 6
50%
10 Jack Cork Defensive Midfield 50 0 2
50%
20 Jacob Bruun Larsen Left Winger 36 7 0
50%
33 Lorenz Assignon Right-Back 15 1 2
50%
32 Michael Obafemi Centre-Forward 16 2 1
50%
13 Nathan Tella Right Midfield 45 19 5
50%
25 Samuel Bastien Central Midfield 24 2 1
50%
21 Taylor Harwood-Bellis Centre-Back 35 1 2
50%
19 Zeki Amdouni Centre-Forward 37 6 2
50%
29 Aaron Ramsey Attacking Midfield 17 0 0
25%
18 Dara O'Shea Centre-Back 37 4 4
25%
39 Halil Dervişoğlu Centre-Forward 9 1 0
25%
43 Han-Noah Massengo Central Midfield 4 0 0
25%
45 Joe Bauress Central Midfield 1 0 0
25%
42 Luke McNally Centre-Back 4 0 0
25%
37 Nathan Redmond Right Winger 15 0 0
25%
28 Scott Twine Attacking Midfield 18 3 1
25%
41 CJ Egan-Riley Centre-Back 6 0 0
0%
46 Marcel Lewis Attacking Midfield 1 0 0
0%
44 Matthew Lowton Right-Back 2 0 0
0%
No matching quizzes found
Score Distribution
Percent of People with Each Score
Percentile by Number Answered
Your Score History
You have not taken this quiz